The implementation of school-based teacher evaluation practices in selected Malaysian national primary schools /
Saved in:
| Main Author: | |
|---|---|
| Format: | Thesis Book |
| Language: | English |
| Published: |
2010.
|
| Subjects: | |
| Online Access: | http://studentsrepo.um.edu.my/id/eprint/3278 |
| Tags: |
Add Tag
No Tags, Be the first to tag this record!
|
| LEADER | 01252cam a2200289 a 4500 | ||
|---|---|---|---|
| 001 | u840113 | ||
| 003 | SIRSI | ||
| 005 | 201110051222 | ||
| 008 | 111005S2010 my a t 000 0 eng m | ||
| 040 | |a UMM | ||
| 043 | |a a-my--- | ||
| 090 | |a LB7 |b UMP 2010 Vas | ||
| 100 | 0 | |a Vasundhara Vasudevan. | |
| 245 | 1 | 4 | |a The implementation of school-based teacher evaluation practices in selected Malaysian national primary schools / |c Vasundhara Vasudevan. |
| 260 | |c 2010. | ||
| 300 | |a xx, 300 [3] leaves : |b ill. ; |c 30 cm. | ||
| 502 | |a Thesis (Ph.D) -- Jabatan Pengurusan, Perancangan dan Dasar Pendidikan, Fakulti Pendidikan, Universiti Malaya, 2010. | ||
| 504 | |a Bibliography: leaves 279-287. | ||
| 530 | |a Also issued in CD. | ||
| 650 | 0 | |a Teachers |x Rating of |z Malaysia |x Methodology. | |
| 650 | 0 | |a Teacher effectiveness |z Malaysia. | |
| 710 | 2 | 0 | |a Universiti Malaya. |b Jabatan Pengurusan, Perancangan dan Dasar Pendidikan. |
| 856 | 4 | 1 | |u http://studentsrepo.um.edu.my/id/eprint/3278 |
| 900 | |a ZA | ||
| 596 | |a 1 8 | ||
| 999 | |a LB7 UMP 2010 VAS |w LC |c 1 |i A514831850 |d 9/12/2017 |e 9/12/2017 |f 21/11/2011 |g 1 |l STACKS |m P01UTAMA |n 19 |r Y |s Y |t TESIS |u 21/11/2011 | ||
| 999 | |a LB7 UMP 2010 VAS |w LC |c 1 |i A516382629 |f 21/7/2020 |g 1 |l STACKS |m P08PENDIDI |r Y |s Y |t TESIS |u 5/1/2016 |1 AHSS | ||
